000 01018cam a2200217 a 4500
001 13309856
005 20250424124355.0
008 021210u2002 gh a b 100 0 eng
020 _a9964750420
050 0 0 _aHG3432.A6
_bE25 2002
082 0 0 _a332.1/09667
_222
245 1 4 _aThe golden age of business :
_bthe role of the banking sector : proceedings of the Third Annual Economic Lecture and Roundtable Discussion /
_cInstitute of Statistical, Social & Economic Research, University of Ghana and Merchant Bank (Ghana) Ltd.
260 _aLegon [Ghana] :
_bInstitute of Statistical, Social & Economic Research, University of Ghana,
_cc2002.
300 _avi, 50 p. :
_bill. (chiefly col.) ;
_c21 cm.
500 _a"May, 2002."
650 0 _aBanks and banking
_zGhana
_vCongresses.
710 2 _aUniversity of Ghana.
_bInstitute of Statistical, Social, and Economic Research.
710 2 _aMerchant Bank (Ghana)
856 4 1 _3Table of contents
_uhttp://www.loc.gov/catdir/toc/fy041/2002457121.html
942 _2lcc
_cBK
_n0
999 _c5521
_d5521